Alle Torschützen vom FC Augsburg in der Bundesliga Historie - Statistiken

Allgemein
  • Dieses Quiz wurde 77 mal gespielt
    8 seit der letzten Aktualisierung
  • Das Durchschnittsergebnis liegt bei 33 aus 86
Antwortstatistiken
Postiion Nation Tore Spieler % Korrekt
ZDM Deutschland 6 Daniel Baier
100%
TW Schweiz 1 Marwin Hitz
100%
ST Österreich 29 Michael Gregoritsch
100%
ST Island 37 Alfred Finnbogason
80%
ZM Südkorea 22 Ja Cheol Koo
80%
IV Niederlande 7 Jeffrey Gouweleeuw
80%
IV Deutschland 3 Keven Schlotterbeck
80%
IV Estland 4 Ragnar Klavan
80%
IV England 2 Reece Oxford
80%
RV Polen 2 Robert Gumny
80%
LM Schweiz 20 Ruben Vargas
80%
ST DR Kongo 8 Samuel Essende
80%
RM Deutschland 32 Andre Hahn
60%
RM Italien 11 Daniel Caligiuri
60%
LV Griechenland 3 Dimitrios Giannoulis
60%
ST Südkorea 13 Dong Won Ji
60%
ZM Kosovo 4 Elvis Rexhbecaj
60%
ST Bosnien 23 Ermedin Demirovic
60%
ZOM Türkei 20 Halil Altintop
60%
LV Brasilien 5 Iago
60%
RM Frankreich 4 Jonathan Schmid
60%
IV Österreich 3 Kevin Danso
60%
LV Griechenland 5 Konstantinos Stafylidis
60%
ZDM Kroatien 3 Kristijan Jakic
60%
LV Dänemark 3 Mads Pedersen
60%
IV Österreich 5 Martin Hinteregger
60%
RV Niederlande 19 Paul Verhaegh
60%
LV Deutschland 15 Philipp Max
60%
ST Paraguay 21 Raul Bobadilla
60%
ST Deutschland 18 Sascha Mölders
60%
LM Deutschland 23 Tobias Werner
60%
ZOM Frankreich 11 Alexis Claude Maurice
40%
ST Polen 2 Arkadiusz Milik
40%
ZM Belgien 3 Arne Engels
40%
LM Brasilien 11 Caiuby
40%
ST Kroatien 5 Dion Beljo
40%
ZOM Finnland 5 Fredrik Jensen
40%
IV Deutschland 9 Jan Ingwer Callsen Bracker
40%
ZM Tschechien 2 Jan Moravek
40%
IV Südkorea 2 Jeong Ho Hong
40%
LV Kanada 2 Marcel de Jong
40%
RV Deutschland 2 Marius Wolf
40%
IV Deutschland 1 Maximilian Bauer
40%
ZOM Deutschland 5 Mert Kömür
40%
ZDM Dänemark 2 Pierre Emile Hojbjerg
40%
ZDM Deutschland 6 Rani Khedira
40%
ST Benin 1 Steve Mounie
40%
IV Kroatien 2 Tin Jedvaj
40%
ST Deutschland 4 Alexander Esswein
20%
ZM Deutschland 8 Arne Maier
20%
LM Deutschland 2 Axel Bellinghausen
20%
IV Frankreich 2 Chrislain Matsima
20%
ZM Deutschland 1 Daniel Brinkmann
20%
ZDM Deutschland 3 Dominik Kohr
20%
ST Albanien 1 Edmond Kapllani
20%
IV Deutschland 3 Felix Uduokhai
20%
ST Deutschland 27 Florian Niederlechner
20%
ZDM Serbien 1 Gojko Kacar
20%
ZDM Japan 3 Hajime Hosogai
20%
IV Deutschland 2 Kevin Vogt
20%
ZOM Deutschland 12 Marco Richter
20%
ZM Deutschland 2 Markus Feulner
20%
ST Serbien 1 Nikola Djurdjic
20%
IV Deutschland 1 Noahkai Banks
20%
ST Deutschland 16 Philipp Tietz
20%
IV Deutschland 4 Sebastian Langkamp
20%
ST Venezuela 7 Sergio Cordova
20%
ST Deutschland 2 Stephan Hain
20%
ST Slowenien 3 Tim Matavz
20%
ST Schweiz 2 Andi Zeqiri
0%
IV Brasilien 1 Arthur Chaves
0%
LV Kroatien 1 David Colina
0%
ZM Deutschland 2 Eduard Löwen
0%
IV Deutschland 1 Felix Götze
0%
ST Frankreich 1 Irvin Cardona
0%
ST Deutschland 1 Julian Schieber
0%
ST Italien 1 Kelvin Yeboah
0%
ZM Slowakei 1 Laszlo Benes
0%
RM Deutschland 1 Marcel Ndjeng
0%
ST Deutschland 9 Mergim Berisha
0%
ST Angola 2 Nando Rafael
0%
ZDM Deutschland 1 Niklas Dorsch
0%
RM Deutschland 2 Noah Sarenren Bazee
0%
LM Deutschland 2 Sven Michel
0%
ST Deutschland 5 Torsten Oehrl
0%
LM Deutschland 1 Yusuf Kabadayi
0%
Keine übereinstimmenden Quizze gefunden
Verteilung der Resultate
Anzahl Personen mit jedem Resultat
Perzentil nach korrekt beantworteten Fragen
Ihre Resultats-Entwicklung
Sie haben dieses Quiz seit der letzten Aktualisierung nicht gespielt